000 00731cab a2200229 4500
001 WB2725-54
008 090401t1991 xxu||||| |||| 00| 0 eng d
035 _a(Sirsi) u21316
041 _aeng
245 _aUK farmers oppose proposed farm cuts
260 _c1991
350 _a0
490 _aDaily Telegraph
_v27/6/91 p4
490 _aFarmers' Weekly
_v28/6/91 p13 (2)
520 _aDiscusses the proposed MacSharry reform s aimed at reducing the European Community surpluses of cereal s, beef and dairy produce which include reducing milk quotas and reducing cereal prices.
650 _aARABLE FARMING
650 _aCAP
650 _aDAIRY FARMING
690 _aRURAL PRACTICE
942 _n0
948 _c04/03/1997
999 _c14312
_d14312